000 00362nam a2200133Ia 4500
008 151001s9999||||xx |||||||||||||| ||und||
100 _aअनिल फळणीकर
245 _aप्रेमिका
250 _a1
260 _bप्रिया प्रकाशन मुंबई
260 _c1976
300 _a188
365 _b18
999 _c967390
_d967387